000 00657nam a2200217Ia 4500
003 OSt
005 20240906122539.0
008 220927b |||||||| |||| 00| 0 eng d
020 _a0855321849
037 _cTextual
040 _aSDCL
_cSDCL
_beng
041 _2eng
_aeng
082 _aRvM7 H6.4
100 _aCopleston, Frederick.
_9400796
245 0 _aHistory of Philosophy:
_bDescartes to Leibniz/
260 _aLondon:
_bSearch Press,
_c1946.
300 _axi,370p.
_ccm.
490 _aBellarmine series.
_vVolume - IV: Descartes to Leibniz.
942 _hRvM7 H6.4
_cTEXL
_2CC
999 _c799163
_d799163